El maestro Baltasar de Cespedes, humanista salmantino, y su discurso de las letras humanas : (Record no. 24168)

MARC details
000 -LEADER
campo de control de longitud fija 00786nam a2200205 i 4500
001 - NÚMERO DE CONTROL
campo de control 24168
003 - IDENTIFICADOR DE NÚMERO DE CONTROL
campo de control ES-MaACL
005 - FECHA Y HORA DE LA ÚLTIMA TRANSACCIÓN
campo de control 20250824201935.0
007 - CAMPO FIJO DE DESCRIPCIÓN FÍSICA--INFORMACIÓN GENERAL
campo de control de longitud fija t|
008 - DATOS DE LONGITUD FIJA--INFORMACIÓN GENERAL
campo de control de longitud fija 021216s1965 sp ||||1| spa d
100 1# - ENTRADA PRINCIPAL--NOMBRE DE PERSONA
Nombre de persona Andrés, Gregorio de.
9 (RLIN) 21574
245 13 - MENCIÓN DEL TÍTULO
Título El maestro Baltasar de Cespedes, humanista salmantino, y su discurso de las letras humanas :
Resto del título estudio biográfico y edición crítica /
Mención de responsabilidad, etc. Gregorio de Andrés.
260 ## - PUBLICACIÓN, DISTRIBUCIÓN, ETC.
Lugar de publicación, distribución, etc. El Escorial :
Nombre del editor, distribuidor, etc. Real Monasterio,
Fecha de publicación, distribución, etc. 1965.
300 ## - DESCRIPCIÓN FÍSICA
Extensión 262 p. ;
Dimensiones 25 cm.
490 1# - MENCIÓN DE SERIE
Mención de serie Biblioteca la Ciudad de Dios. I. Libros ;
Designación de volumen o secuencia 14
600 14 - PUNTO DE ACCESO ADICIONAL DE MATERIA--NOMBRE DE PERSONA
Nombre de persona Céspedes, Baltasar de-
Subdivisión general Crítica e interpretación.
9 (RLIN) 158599
830 00 - PUNTO DE ACCESO ADICIONAL DE SERIE-TÍTULO UNIFORME
Título uniforme Biblioteca la ciudad de Dios
Designación de volumen o secuencia 14
9 (RLIN) 187490
852 ## - LOCALIZACIÓN
Ubicación ES-MaACL
Número de control de estantería E-671
Sublocalización o colección R.56616
Holdings
Estatus retirado Estado de pérdida Estado de daño No para préstamo Biblioteca de origen Biblioteca actual Ubicación en estantería Fecha de adquisición Fuente de adquisición Total de préstamos Signatura topográfica completa Código de barras Visto por última vez Precio de reemplazo Tipo de ítem Koha
        Biblioteca del Ateneo de Madrid Biblioteca del Ateneo de Madrid Depósito 2 17/01/2008     E-671 1024913 23/02/2023 23/02/2023 Libro impreso